000 00607nam a2200217Ia 4500
003 OSt
005 20220924134803.0
006 a|||||r|||| 00| 0
007 ta
008 220923b |||||||| |||| 00| 0 ben d
024 _a287230
037 _cTextual
040 _aARTS
_cARTS
_bben
041 _2ben
_aben
082 _a4,P157.44Q72'N05<-M47, 157M5.2
100 _aMamoon Muntassir
245 0 _aUnish shatake bangladesher sangbad samayikpatra
260 _c1985
942 _h4,P157.44Q72'N05<-M47, 157M5.2
_cTEXL
_2CC
999 _c438570
_d438570